Advances in Electrochemical Science and Engineering Nanopotterned and Nanoparticle-Modified Electrodes (Record no. 2319)

MARC details
000 -LEADER
fixed length control field 00401nam a22001337a 4500
008 - FIXED-LENGTH DATA ELEMENTS--GENERAL INFORMATION
fixed length control field 250314b |||||||| |||| 00| 0 eng d
020 ## - INTERNATIONAL STANDARD BOOK NUMBER
ISBN 9783527340927
100 ## - MAIN ENTRY--AUTHOR
Author Alkire Richard C
245 ## - TITLE STATEMENT
Title Advances in Electrochemical Science and Engineering Nanopotterned and Nanoparticle-Modified Electrodes
260 ## - PUBLICATION, DISTRIBUTION, ETC. (IMPRINT)
Place of publication Germany
Name of publisher Wiley-VCH
Date of publication 2017
300 ## - COLLATION
Pagination XIX,409P
942 ## - ADDED ENTRY ELEMENTS (KOHA)
Item type Books
050 ## - LIBRARY OF CONGRESS CALL NUMBER
Classification number QD552
Item number .A38
Holdings
Source of classification or shelving scheme Not for loan Permanent location Current location Date acquired Accession No. Full call number Barcode. Koha item type
Library of Congress Classification   Samuel Ogbemudia Main Library, University of Abuja Samuel Ogbemudia Main Library, University of Abuja 03/14/2025 2024/63823 QD552.A38 2025-0582 Books